| 000 | 00708 a2200181 4500 | ||
|---|---|---|---|
| 001 | 134788 | ||
| 020 | _a85-365-0113-8 | ||
| 040 | _cLeonardo Da Vinci | ||
| 041 | _aPortuguês | ||
| 082 |
_a005.3 M252b _bM252b |
||
| 100 | _aMANZANO, José Augusto Navarro Garcia | ||
| 245 |
_aBrOffice.org 2.0 _bguia prático de aplicação (versão brasileira do openoffice.org) |
||
| 260 |
_bÉrica _c2006 _aSão Paulo |
||
| 300 | _a218 | ||
| 362 | _a20060000 | ||
| 697 |
_aCiência da computação _aInformática _aPrograma _aBr Office _aSoftware _aWriter _aCalc _aBases _aDraw _aMath _aImpress _aBanco de dados _aDesenho _aProcessador de texto _aPlanilha _aApresentação _aEditor _aSoftware livre _aLinux _aFIPEN _aTGRH |
||
| 942 | _cBK | ||
| 999 |
_c134788 _d134788 |
||